Lady Anne's deception

Bibliographic Details
Main Author: Chesney, Marion
Format: Book
Published: New York : Severn House Publishers , 1991
Subjects:

MARC

LEADER 00000cam a2200000 7i4500
001 0000000687
002 000000783
005 20000330.0
020 |a 0727842285 
090 0 0 |a F   |b CHE 
100 1 |a Chesney, Marion 
245 1 0 |a Lady Anne's deception   |c Marion Chesney 
260 |a New York :   |b Severn House Publishers ,   |c 1991 
300 |a 147p. ;   |c 22cm. 
650 0 0 |a Romance fiction 
999 |a 030522   |b BUKU   |c PINJAMAN   |e PERPUSTAKAAN KOMUNITI PETALING JAYA